000 00549nam a2200217Ia 4500
003 OSt
005 20220923230925.0
006 a|||||r|||| 00| 0
007 ta
008 Pun
024 _a306,498
037 _cTextual
040 _aARTS
_cARTS
_bPun
041 _2Pun
_aPun
082 _aO153,8NRAx, N0
100 _aਰਾਹੀ, ਐਮ ਕੇ
_9159218
245 0 _aਸੌਰੀ ਰੌ੍ਵਗ ਨੰਬਰ
260 _c1990
942 _hO153,8NRAx, N0
_cTEXL
_2CC
999 _c388278
_d388278